11 type - FIFA The Best 2025 - Statistiques

Statistiques générales
  • Ce quiz a été pris 101 fois
  • Le résultat moyen est 11 sur 11
Statistiques - réponses
Réponse % Correct
Achraf Hakimi
100%
Gianluigi Donnarumma
100%
Lamine Yamal
100%
Ousmane Dembélé
100%
Jude Bellingham
99%
Nuno Mendes
98%
Vitinha
98%
Virgil Van Dijk
95%
Willian Pacho
95%
Cole Palmer
94%
Pedri
94%
Aucun quiz correspondant
Distribution des résultats
% des personnes avec chaque résultat
Percentile par nombre de réponses
Votre historique - résultats
Vous n’avez pas pris ce quiz